[Event "Lvov Ukrainian Chess Warriors"]
[Site "Lvov"]
[Date "2024.03.15"]
[Round "7"]
[White "Pivnev, Vladyslav"]
[Black "Podolskyi, Mykhailo"]
[Result "0-1"]
[WhiteElo "1597"]
[BlackElo "2331"]
[PlyCount "56"]
[EventDate "2024.03.15"]
[EventType "swiss (rapid)"]
[EventRounds "8"]
[EventCountry "UKR"]
[SourceTitle "CB12_2024"]
[SourceDate "2023.10.01"]
[SourceVersion "1"]
[SourceVersionDate "2023.10.01"]
[SourceQuality "1"]

1. c4 c6 2. g3 d5 3. Bg2 Nf6 4. Nf3 dxc4 5. Qc2 b5 6. a4 Bb7 7. Ne5 a6 8. axb5 axb5 9. Rxa8 Bxa8 10. Na3 Qc7 11. f4 e6 12. Nxb5 cxb5 13. Bxa8 Bd6 14. d4 Qa5+ 15. Bd2 Qxa8 16. Rf1 Nc6 17. Bc3 0-0 18. f5 exf5 19. Rxf5 Qa1+ 20. Kf2 Nxe5 21. dxe5 Bc5+ 22. Kg2 Ng4 23. Kh3 Ne3 24. Qe4 Nxf5 25. Qxf5 Qa6 26. g4 Qh6+ 27. Kg2 Qc6+ 28. e4 Qe6 0-1